<?xml version='1.0' encoding='UTF-8'?>
  <record xmlns="http://www.loc.gov/MARC21/slim">
    <leader>00000cam a22000007i 4500</leader>
    <controlfield tag="001">ocm65060258</controlfield>
    <controlfield tag="003">OCoLC</controlfield>
    <controlfield tag="005">20241224150949.1</controlfield>
    <controlfield tag="008">900403s1673    gw            000 0 lat d</controlfield>
    <datafield tag="040" ind1=" " ind2=" ">
      <subfield code="a">NLGGC</subfield>
      <subfield code="b">dut</subfield>
      <subfield code="e">fobidrtb</subfield>
      <subfield code="c">NLGGC</subfield>
      <subfield code="d">QGJ</subfield>
      <subfield code="d">OCLCQ</subfield>
    </datafield>
    <datafield tag="029" ind1="0" ind2=" ">
      <subfield code="a">NLGGC</subfield>
      <subfield code="b">061008184</subfield>
    </datafield>
    <datafield tag="035" ind1=" " ind2=" ">
      <subfield code="a">(OCoLC)65060258</subfield>
    </datafield>
    <datafield tag="041" ind1="1" ind2=" ">
      <subfield code="a">lat</subfield>
      <subfield code="h">ger</subfield>
    </datafield>
    <datafield tag="100" ind1="1" ind2=" ">
      <subfield code="a">Mut, Gerhard.</subfield>
    </datafield>
    <datafield tag="245" ind1="1" ind2="0">
      <subfield code="a">Brevis descriptio artificiosi cujusdam horologii astronomico-geographici, quod globi terrestris, duorumque coeli luminarium majorum, solis nempe ac lunae, circumrotatione, motum primum ac secundum, juxta longitudinem, ut vocant astronomi, omniaque eorum phoenomena ob oculos ponit a Gerhardo Mut /</subfield>
      <subfield code="c">et in exoticorum usum in Latinum idioma transl. [de Germanica lingua] a Martino Balthasar Plusio.</subfield>
    </datafield>
    <datafield tag="260" ind1=" " ind2=" ">
      <subfield code="a">Noribergae :</subfield>
      <subfield code="b">sumptibus Pauli Fürstii viduae,</subfield>
      <subfield code="c">1673.</subfield>
    </datafield>
    <datafield tag="300" ind1=" " ind2=" ">
      <subfield code="a">X, 46 p. :</subfield>
      <subfield code="b">ill. ;</subfield>
      <subfield code="c">22 cm (4-o)</subfield>
    </datafield>
    <datafield tag="336" ind1=" " ind2=" ">
      <subfield code="a">tekst</subfield>
      <subfield code="b">txt</subfield>
      <subfield code="2">rdacontent/dut</subfield>
    </datafield>
    <datafield tag="337" ind1=" " ind2=" ">
      <subfield code="a">zonder medium</subfield>
      <subfield code="b">n</subfield>
      <subfield code="2">rdamedia/dut</subfield>
    </datafield>
    <datafield tag="338" ind1=" " ind2=" ">
      <subfield code="a">band</subfield>
      <subfield code="b">nc</subfield>
      <subfield code="2">rdacarrier/dut</subfield>
    </datafield>
    <datafield tag="500" ind1=" " ind2=" ">
      <subfield code="a">Impressum:  Noribergae. Sumptibus Pauli Fürstii viduae &amp; haeredum. Typis Christofori Gerhardi. Anno 1673.</subfield>
    </datafield>
    <datafield tag="710" ind1="0" ind2=" ">
      <subfield code="a">Fürst, Paul (Neurenberg)</subfield>
      <subfield code="4">prt</subfield>
      <subfield code="0">(NL-LeOCL)311672892</subfield>
    </datafield>
    <datafield tag="710" ind1="0" ind2=" ">
      <subfield code="a">Gerhard, Christoph (Neurenberg)</subfield>
      <subfield code="4">prt</subfield>
      <subfield code="0">(NL-LeOCL)117384453</subfield>
    </datafield>
    <datafield tag="936" ind1=" " ind2=" ">
      <subfield code="a">BATCHLOAD</subfield>
    </datafield>
  </record>